The neolithic revolution in the Near East : transforming the human landscape /

محفوظ في:

المؤلف الرئيسي: Simmons, Alan H. (مؤلف)

مؤلفون آخرون: Bar-Yosef, Ofer.

التنسيق: كتاب

اللغة: English

منشور في: Tucson : University of Arizona Press, 2010.

الموضوعات:

الوسوم: إضافة وسم

لا توجد وسوم, كن أول من يضع وسما على هذه التسجيلة!

رقم الطلب: GN776.32 .N4 S56 2010

LEADER 01278namaa2200337 4500
001 24726
003 OSt
005 20250807073558.0
008 130303s2010 azuab g b 001 0 eng d
010 |a 2006020256 
020 |z 9780816529667 
040 |c ARCE Library 
043 |a aw----- 
050 4 |a GN776.32 .N4 S56 2010 
100 1 |a Simmons, Alan H.,   |e author 
245 1 4 |a The neolithic revolution in the Near East :   |b transforming the human landscape /   |c Alan H. Simmons ; with a foreword by Ofer Bar-Yosef. 
264 1 |a Tucson :   |b University of Arizona Press,   |c 2010. 
300 |a xviii, 340 pages :   |b illustrations, map ;   |c 24 cm. 
500 |a OCLC 795456756 
504 |a Includes bibliographical references and index. 
650 0 |a Agriculture, Prehistoric  |z Middle East  |v Case studies. 
650 0 |a Domestication  |z Middle East  |v Case studies.  |9 12469 
650 0 |a Hunting and gathering societies  |z Middle East  |v Case studies. 
650 0 |a Hunting, Prehistoric  |z Middle East  |v Case studies. 
650 0 |a Neolithic period  |z Middle East  |v Case studies. 
650 0 |a Pottery, Prehistoric  |z Middle East  |v Case studies. 
651 0 |a Middle East  |x Antiquities  |v Case studies. 
700 1 |a Bar-Yosef, Ofer. 
901 |a reviewed 
942 |c BK  |2 lcc 
999 |c 23048  |d 23048